Hail, Caesar (Salad)! - Statistics

General Stats
  • This quiz has been taken 27 times
  • The average score is 5 of 10
Answer Stats
Ingredient % Correct
Croutons
78%
Romaine lettuce
78%
Egg
70%
Parmesan cheese
65%
Olive oil
52%
Black Pepper
48%
Salt
43%
Lemon juice
35%
Garlic
30%
Worcestershire sauce
22%
No matching quizzes found
Score Distribution
Percent of People with Each Score
Percentile by Number Answered
Your Score History
You have not taken this quiz